书目信息 |
| 题名: |
人力资源管理概论
|
|
| 作者: | 肖琳 主编 | |
| 分册: | ||
| 出版信息: | 大连 东北财经大学出版社 2016.08 |
|
| 页数: | 303页 | |
| 开本: | 26cm | |
| 丛书名: | ||
| 单 册: | ||
| 中图分类: | F243 , F241 | |
| 科图分类: | ||
| 主题词: | 人力资源管理--高等学校--教材 | |
| 电子资源: | ||
| ISBN: | 978-7-5654-2346-8 | |
| 000 | 00969nam0 2200265 450 | |
| 001 | 1227 | |
| 005 | 20180927155928.52 | |
| 010 | @a978-7-5654-2346-8@dCNY38.00 | |
| 100 | @a20161213d2016 em y0chiy50 ea | |
| 101 | 0 | @achi |
| 102 | @aCN@b210000 | |
| 105 | @ay z 000yy | |
| 200 | 1 | @a人力资源管理概论@9ren li zi yuan guan li gai lun@dHuman resource management@zeng@f肖琳主编 |
| 210 | @a大连@c东北财经大学出版社@d2016.08 | |
| 215 | @a303页@d26cm | |
| 300 | @a21世纪应用型本科管理系列规划教材 | |
| 307 | @a实际页数为:304 | |
| 330 | @a本书依据人力资源管理学科的内在逻辑,对人力资源管理的课程体系进行重新构架,科学全面地阐释人力资源管理各环节内容。全书分为九章,内容包括:人力资源管理导论、人力资源规划、工作分析与工作评价等。 | |
| 510 | 1 | @aHuman resource management@zeng |
| 606 | 0 | @a人力资源管理@x高等学校@j教材 |
| 690 | @aF243@v5 | |
| 690 | @aF241@v4 | |
| 701 | 0 | @a肖琳@9xiao lin@4主编 |
| 801 | 0 | @aCN@b91MARC@c20161213 |
| 905 | @aMuseLib@dF241@e149 | |
| 人力资源管理概论=Human resource management/肖琳主编.-大连:东北财经大学出版社,2016.08 |
| 303页;26cm |
| 21世纪应用型本科管理系列规划教材 |
| ISBN 978-7-5654-2346-8:CNY38.00 |
| 本书依据人力资源管理学科的内在逻辑,对人力资源管理的课程体系进行重新构架,科学全面地阐释人力资源管理各环节内容。全书分为九章,内容包括:人力资源管理导论、人力资源规划、工作分析与工作评价等。 |
| ● |
| 相关链接 |
|
|
|
|
正题名:人力资源管理概论
索取号:F241/149
 
预约/预借
| 序号 | 登录号 | 条形码 | 馆藏地/架位号 | 状态 | 备注 |
| 1 | 1121789 | 211217896 | 第一样本阅览室/ [索取号:F241/149] | 在馆 | |
| 2 | 1121790 | 211217903 | 第一借阅区/ [索取号:F241/149] | 在馆 | |
| 3 | 1121791 | 211217912 | 第一借阅区/ [索取号:F241/149] | 在馆 | |
| 4 | 1121792 | 211217921 | 第一借阅区/ [索取号:F241/149] | 在馆 | |
| 5 | 1121793 | 211217930 | 第一借阅区/ [索取号:F241/149] | 在馆 |